The Northern Pacific, main street of the Northwest : A pictorial history

The history of the Northern Pacific stretches back over 100 years to its formal beginning, the signing of the charter by President Lincoln in 1864 to build the road from the Great Lakes to the Pacific Northwest.

محفوظ في:
التفاصيل البيبلوغرافية
المؤلف الرئيسي: Wood, Charles R.
التنسيق: كتاب
اللغة:Undetermined
منشور في: Seattle Superior Pub. Co. 1968
الموضوعات:
الوسوم: إضافة وسم
لا توجد وسوم, كن أول من يضع وسما على هذه التسجيلة!
Thư viện lưu trữ: Trung tâm Học liệu Trường Đại học Cần Thơ
LEADER 00798nam a2200217Ia 4500
001 CTU_220347
008 210402s9999 xx 000 0 und d
020 |c 2.97 
082 |a 385.0973 
082 |b W874 
100 |a Wood, Charles R. 
245 4 |a The Northern Pacific, main street of the Northwest : 
245 2 |b A pictorial history 
245 0 |c Charles R. Wood 
260 |a Seattle 
260 |b Superior Pub. Co. 
260 |c 1968 
520 |a The history of the Northern Pacific stretches back over 100 years to its formal beginning, the signing of the charter by President Lincoln in 1864 to build the road from the Great Lakes to the Pacific Northwest. 
650 |a Đường sắt,Railroads 
904 |i Hải 
980 |a Trung tâm Học liệu Trường Đại học Cần Thơ